Đạo đức 5

Gespeichert in:
Bibliographische Detailangaben
1. Verfasser: Lưu, Thu Thủy
Weitere Verfasser: Nguyễn, Việt Bắc
Format: Buch
Sprache:Undetermined
Veröffentlicht: H. Giáo dục 2008
Schlagworte:
Online Zugang:http://lrc.tdmu.edu.vn/opac/search/detail.asp?aID=2&ID=4565
Tags: Tag hinzufügen
Keine Tags, Fügen Sie den ersten Tag hinzu!
Thư viện lưu trữ: Trung tâm Học liệu Trường Đại học Thủ Dầu Một
LEADER 00632nam a2200205Ia 4500
001 TDMU_4565
008 210410s9999 xx 000 0 und d
082 |a 170.71 
090 |b L566 
100 |a Lưu, Thu Thủy 
245 0 |a Đạo đức 5 
245 0 |c Lưu Thu Thủy 
260 |a H. 
260 |b Giáo dục 
260 |c 2008 
300 |a 48tr 
650 |a Sách lớp 5; Đạo đức  |x Giảng dạy và học tập 
700 |a Nguyễn, Việt Bắc 
856 |u http://lrc.tdmu.edu.vn/opac/search/detail.asp?aID=2&ID=4565 
980 |a Trung tâm Học liệu Trường Đại học Thủ Dầu Một